Dios en el Nuevo Mundo (Record no. 184543)

MARC details
000 -LEADER
campo de control de longitud fija 01020nam a2200289 i 4500
001 - NÚMERO DE CONTROL
campo de control 184543
003 - IDENTIFICADOR DE NÚMERO DE CONTROL
campo de control ES-MaACL
005 - FECHA Y HORA DE LA ÚLTIMA TRANSACCIÓN
campo de control 20250731063049.0
008 - DATOS DE LONGITUD FIJA--INFORMACIÓN GENERAL
campo de control de longitud fija 151021s2012 sp |||| | spa d
020 ## - NÚMERO INTERNACIONAL ESTÁNDAR DEL LIBRO
Número Internacional Estándar del Libro 978-84-9892-425-1
080 ## - NÚMERO DE LA CLASIFICACIÓN DECIMAL UNIVERSAL
Número de la Clasificación Decimal Universal 27-9(8=134)
100 1# - ENTRADA PRINCIPAL--NOMBRE DE PERSONA
Nombre de persona Lynch, John,
Fechas asociadas al nombre 1927-2018
9 (RLIN) 74938
245 10 - MENCIÓN DEL TÍTULO
Título Dios en el Nuevo Mundo
Resto del título : una historia religiosa de América Latina /
Mención de responsabilidad, etc. John Lynch ; traducción castellana de Alejandra Chaparro.
250 ## - MENCION DE EDICION
Mención de edición 1ª ed.
260 ## - PUBLICACIÓN, DISTRIBUCIÓN, ETC.
Lugar de publicación, distribución, etc. Barcelona :
Nombre del editor, distribuidor, etc. Crítica,
Fecha de publicación, distribución, etc. 2012.
300 ## - DESCRIPCIÓN FÍSICA
Extensión 540 p. ;
Dimensiones 24 cm.
490 1# - MENCIÓN DE SERIE
Mención de serie Serie Mayor
500 ## - NOTA GENERAL
Nota general Índice.
504 ## - NOTA DE BIBLIOGRAFÍA, ETC.
Nota de bibliografía, etc. Bibliografía: p. [513]-525.
651 #7 - PUNTO DE ACCESO ADICIONAL DE MATERIA--NOMBRE GEOGRÁFICO
Nombre geográfico América Latina-
Subdivisión general Historia eclesiástica.
9 (RLIN) 145347
700 1# - ENTRADA AGREGADA--NOMBRE PERSONAL
Nombre de persona Chaparro, Alejandra.
9 (RLIN) 157957
830 0# - PUNTO DE ACCESO ADICIONAL DE SERIE-TÍTULO UNIFORME
Título uniforme Serie Mayor
9 (RLIN) 177793
852 ## - LOCALIZACIÓN
Ubicación ES-MaACL
Número de control de estantería A-13595
itemnumber 191544
Sublocalización o colección R.150797
Ubicación en estantería Depósito 1
Signatura antigua Olim: N-6595
Encuadernación enc. cart.
Donativo/Legado Donacion: Real Academia Española
914 ## - NOMBRE ENTIDAD DE DONANTE
RLIN 6336
Nombre de congreso/reunión o jurisdicción como elemento de entrada Real Academia Española
Unidad subordinada Donante
942 ## - ELEMENTOS DE ENTRADA SECUNDARIOS (KOHA)
Fuente del sistema de clasificación o colocación Clasificación decimal universal
Holdings
Estatus retirado Estado de pérdida Fuente del sistema de clasificación o colocación Estado de daño No para préstamo Biblioteca de origen Biblioteca actual Ubicación en estantería Fecha de adquisición Fuente de adquisición Total de préstamos Signatura topográfica completa Código de barras Visto por última vez Precio de reemplazo Tipo de ítem Koha
    Clasificación decimal universal     Biblioteca del Ateneo de Madrid Biblioteca del Ateneo de Madrid Depósito 1 21/10/2015 Donación   A-13595 1194291 23/02/2023 23/02/2023 Libro impreso